Countries with G as their third letter SPRINT - Statistics

General Stats
  • This quiz has been taken 48 times
  • The average score is 4 of 7
Answer Stats
Answer % Correct
Afghanistan
79%
Angola
72%
Algeria
64%
Niger
59%
Argentina
54%
Nigeria
54%
Togo
31%
No matching quizzes found
Score Distribution
Percent of People with Each Score
Percentile by Number Answered
Your Score History
You have not taken this quiz